000
00250nam a2200109Ia 4500
008
190914s9999||||xx |||||||||||||| ||und||
100
_a
Dr,Mubarak Ali
245
0
_a
Shahi Mehal
260
_a
Delhi
_b
Addison -Wesley
_c
1985
300
_a
323
942
_c
BK
999
_c
8923
_d
8923